BLOOMING PAPER : (Record no. 189974)

MARC details
000 -LEADER
fixed length control field 00821nam a2200253 i 4500
005 - DATE AND TIME OF LATEST TRANSACTION
control field 20221113154205.0
008 - FIXED-LENGTH DATA ELEMENTS--GENERAL INFORMATION
fixed length control field 221113t2021 pauao g 000 0 eng d
020 ## - INTERNATIONAL STANDARD BOOK NUMBER
International Standard Book Number 9780764362088
Terms of availability RM 139.90
Qualifying information paperback
040 ## - CATALOGING SOURCE
Original cataloging agency PPAK
Language of cataloging eng
Transcribing agency PPAK
Description conventions rda
082 04 - DEWEY DECIMAL CLASSIFICATION NUMBER
Classification number 745.54
Edition number 23
090 00 - LOCALLY ASSIGNED LC-TYPE CALL NUMBER (OCLC); LOCAL CALL NUMBER (RLIN)
Classification number (OCLC) (R) ; Classification number, CALL (RLIN) (NR) 745.54
Feature heading REE
Feature heading R
100 1# - MAIN ENTRY--PERSONAL NAME
Personal name Reed, Laura,
Relator term author.
245 10 - TITLE STATEMENT
Title BLOOMING PAPER :
Remainder of title how to handcraft paper flowers and botanicals /
Statement of responsibility, etc. LAURA REED
264 #1 - PRODUCTION, PUBLICATION, DISTRIBUTION, MANUFACTURE, AND COPYRIGHT NOTICE
Place of production, publication, distribution, manufacture Atglen, Pennsylvania :
Name of producer, publisher, distributor, manufacturer Schiffer Publishing, Ltd.,
Date of production, publication, distribution, manufacture, or copyright notice 2021
Date of production, publication, distribution, manufacture, or copyright notice ©2021
300 ## - PHYSICAL DESCRIPTION
Extent 167 pages :
Other physical details colour illustrations, colour photographs ;
Dimensions 26 cm
336 ## - CONTENT TYPE
Source rdacontent
Content type term text
Source rdacontent
Content type term still images
337 ## - MEDIA TYPE
Source rdamedia
Media type term unmediated
338 ## - CARRIER TYPE
Source rdacarrier
Carrier type term volume
650 10 - SUBJECT ADDED ENTRY--TOPICAL TERM
Topical term or geographic name entry element Paper flowers.
Topical term or geographic name entry element Paper work.
942 ## - ADDED ENTRY ELEMENTS (KOHA)
Source of classification or shelving scheme Dewey Decimal Classification
Koha item type Book
Holdings
Withdrawn Not for loan Current library Shelving location Date acquired Total Checkouts Full call number Barcode Date last seen Koha item type
  Not For Loan Perpustakaan Alor Setar Rujukan Dewasa 05/12/2022   R 745.54 REE A01760102 05/12/2022 Book
  Not For Loan Perpustakaan Awam Sungai Petani Rujukan Dewasa 05/12/2022   R 745.54 REE A01760103 05/12/2022 Book
  Not For Loan Perpustakaan Kulim Rujukan Dewasa 05/12/2022   R 745.54 REE A01760104 05/12/2022 Book